000 00231nam a22001097a 4500
999 _c65001
_d64998
082 _a297
100 _aKAUKAB SIDDIQUE
245 _aISLAM the wave of the future
260 _aPAKISTAN
_bkARACHI
_c1993
300 _a74p
942 _cBK